Blue Lock : Troisième Sélection Team - Statistiques

Statistiques générales
  • Ce quiz a été pris 107 fois
  • Le résultat moyen est 19 sur 35
Statistiques - réponses
Team Rôle Joueur % Correct
Team A Chef d'orchestre Itoshi Rin
99%
Team A Joueur A1 Yoichi Isagi
99%
Team A Chef d'orchestre Ryusei Shido
97%
Team A&C Semi-Chef d'orchestre Meguru Bachira
92%
Team C Chef d'orchestre Seishiro Nagi
92%
TeamB Chef d'orchestre Eita Otoya
89%
Team B Joueur B1 Hyoma Chigiri
86%
Team C Joueur C1 Mikage Reo
85%
Team B Chef d'orchestre Tabito Karasu
85%
Team A Joueur A1 Yo Hiori
84%
Team C Chef d'orchestre Kenyu Yukimiya
82%
Team B Joueur B2 Shoei Baro
81%
Team A Joueur A1 Nijiro Nanase
78%
Team A Joueur A2 Jyubei Aryu
68%
Team C Joueur C1 Gin Gagamaru
67%
Team B Joueur B2 Jingo Raichi
67%
Team B Joueur B2 Ikki Niko
59%
Team A Joueur A4 Aoshi Tokimitsu
56%
Team A Joueur A4 Ranze Kurona
54%
Team C Joueur C3 Tsurugi Zantetsu
53%
Team A Joueur A2 Girumi Igarashi
48%
Team A Joueur A4 Kiyora Jin
38%
Team C Joueur C2 Junichi Wanima
34%
Team A Joueur A3 Hajime Nishioka
25%
Team B Joueur B3 Reiji Hiiragi
24%
Team C Joueur C1 Shingen Tanaka
18%
Team A Joueur A2 Yukio Ishikari
16%
Team B Joueur B1 Kyohei Shiguma
14%
Team C Joueur C3 Endoji Akira
13%
Team B Joueur B3 Haruhiko Yuzu
13%
Team B Joueur B3 Sokura Tetsu
13%
Team C Joueur C2 Tsunzaki Taiga
13%
Team C Joueur C2 Himizu AIki
11%
Team B Joueur B1 Saramadara Kairu
11%
Team A Joueur A3 Haiji Shizuka
10%
Aucun quiz correspondant
Distribution des résultats
% des personnes avec chaque résultat
Percentile par nombre de réponses
Votre historique - résultats
Vous n’avez pas pris ce quiz